Statistics for Top Exports

Click here to take the quiz!

General Stats

  • This quiz has been taken 38 times
  • The average score is 6 of 16

Answer Stats

CountryTop Export% Correct
Saudi ArabiaOil
91%
GermanyCars
57%
SwitzerlandGold
54%
USAMachinery/Computers
51%
South AfricaGems/Precious Metals
46%
ChileCopper
40%
HondurasCoffee/Spices
37%
PakistanCotton
37%
AustraliaIron Ores
34%
NepalBeverages
31%
BangladeshClothing
31%
ChinaPhone System Devices
20%
LatviaWood
20%
FinlandPaper
9%
FranceAircraft/spacecraft
6%
IrelandPharmaceuticals
6%

Score Distribution

Percentile by Number Answered

Percent of People with Each Score

Your Score History

You have not taken this quiz